Premier League Winners 2000-2025 - Statistics

General Stats
  • This quiz has been taken 601 times
  • The average score is 23 of 25
Answer Stats
Hint Answer % Correct
2024-25 Liverpool
97%
2023-24 Manchester City
97%
2000-01 Manchester United
97%
2020-21 Manchester City
96%
2021-22 Manchester City
96%
2022-23 Manchester City
96%
2015-16 Leicester City
95%
2019-20 Liverpool
95%
2002-03 Manchester United
95%
2008-09 Manchester United
95%
2003-04 Arsenal
94%
2016-17 Chelsea
94%
2006-07 Manchester United
94%
2007-08 Manchester United
94%
2010-11 Manchester United
94%
2001-02 Arsenal
93%
2017-18 Manchester City
93%
2018-19 Manchester City
93%
2012-13 Manchester United
93%
2004-05 Chelsea
92%
2009-10 Chelsea
92%
2005-06 Chelsea
91%
2014-15 Chelsea
91%
2011-12 Manchester City
91%
2013-14 Manchester City
91%
No matching quizzes found
Score Distribution
Percent of People with Each Score
Percentile by Number Answered
Your Score History
You have not taken this quiz